| 000 | 00709nam a22002057a 4500 | ||
|---|---|---|---|
| 005 | 20210622134456.0 | ||
| 008 | 210622b sp ||||| |||| 00| 0 spa d | ||
| 020 | _a9788494100871 | ||
| 050 | 0 | 4 |
_aD840 _bF66 2013 |
| 100 | 1 |
_aFontana, Josep, _d1931- |
|
| 245 | 1 | 0 |
_aPor el bien del imperio : _buna historia del mundo desde 1945 / _cJosep Fontana |
| 250 | _aPrimera edición | ||
| 260 |
_aBarcelona : _bPasado y presente, _c2013 |
||
| 300 |
_a1022 paginas : _c23 cm. |
||
| 500 | _aPrimera edición en rústica: noviembre de 2013 | ||
| 504 | _aIncluye índice e índice alfabético. | ||
| 650 | 7 |
_2lemb _aHistoria moderna _y1945-1989 |
|
| 650 | 7 |
_2lemb _aHistoria moderna _y1989- |
|
| 942 |
_2lcc _cLIB |
||
| 999 |
_c156338 _d156336 |
||